000 00320pab a2200145 454500
008 180718b1987 xxu||||| |||| 00| 0 eng d
100 _aChirmade, S.R.
245 _aDowry, black money and law
260 _c1987
300 _a28-30
362 _a16 June
650 _aDowry - India
773 _aYojana
909 _a7390
999 _c7390
_d7390